|
|
|
|
| LEADER |
00000nam a2200000 a 4500 |
| 001 |
vtls008161607 |
| 003 |
SK-MaSNL |
| 005 |
20260302041026.0 |
| 008 |
050621s2005 xo d 000 0 hun |
| 015 |
|
|
|a SNBE2006/01-00130
|
| 040 |
|
|
|a SNK
|b slo
|c SNK
|e AACR2
|
| 072 |
|
7 |
|a 616
|x Patológia. Klinická medicína
|2 konspekt
|
| 080 |
|
|
|a 616-006.4-08
|2 MDT-MRF
|
| 080 |
|
|
|a 616-006.04-035.4
|2 MDT-MRF
|
| 080 |
|
|
|a 316.346.2-055.1
|2 MDT-MRF
|
| 080 |
|
|
|a (041)
|2 MDT-MRF
|
| 080 |
|
|
|a 616-006.04
|2 MDT-MRF
|
| 110 |
2 |
|
|a Liga proti rakovine Slovenskej republiky
|4 aut
|9 56796
|
| 245 |
1 |
0 |
|a Információ a rákról férfiaknak
|
| 250 |
|
|
|a [1. kiad.]
|
| 260 |
|
|
|a Pozsony
|b Szlovákiai Rákellenes Liga
|c 2005
|
| 300 |
|
|
|a 1 skladačka ([6] s.)
|c 21 x 30 cm zložená na 21 x 10 cm
|
| 650 |
0 |
7 |
|a malígne nádorové ochorenia
|2 SNKPH
|9 67540
|
| 650 |
0 |
7 |
|a protinádorová terapia
|2 SNKPH
|9 73302
|
| 650 |
0 |
7 |
|a nádorová prevencia
|2 SNKPH
|9 69857
|
| 650 |
0 |
7 |
|a muži
|2 SNKPH
|9 4888
|
| 655 |
|
7 |
|a letáky
|2 SNKPH
|9 70537
|
| 655 |
|
7 |
|a zdravotnícka osveta
|2 SNKPH
|9 72803
|
| 999 |
|
|
|c 1077052
|d 1078982
|
| 952 |
|
|
|a SNK
|b SNK
|y PREZ
|7 0
|p 17A0476188
|o snkOSC 23162
|i snk2005/10788
|8 0
|0 0
|1 0
|4 0
|d 2005-06-21
|l 0
|r 2026-02-24 16:14:10
|w 2026-02-24
|
| 952 |
|
|
|a SNK
|b SNK
|y VYP
|7 0
|p 17A0476189
|o snkOSC 23162 D1
|i snk2005/10790
|8 0
|0 0
|1 0
|4 0
|d 2005-06-21
|l 0
|r 2026-02-24 16:14:10
|w 2026-02-24
|